[Event "La Pobla de Lillet op 33rd"]
[Site "La Pobla de Lillet"]
[Date "2024.08.03"]
[Round "2"]
[White "Barcelo Sola, David"]
[Black "Capellades Subirana, Marc"]
[Result "1/2-1/2"]
[WhiteElo "1980"]
[BlackElo "2164"]
[PlyCount "32"]
[EventDate "2024.08.02"]
[EventType "swiss"]
[EventRounds "9"]
[EventCountry "ESP"]
[SourceTitle "CBM 221 Extra"]
[Source "ChessBase"]
[SourceDate "2024.09.30"]
[SourceVersion "1"]
[SourceVersionDate "2024.09.30"]
[SourceQuality "1"]

1. e4 e5 2. Nf3 Nc6 3. Bb5 g6 4. d4 exd4 5. Bg5 Be7 6. Bxe7 Qxe7 7. 0-0 a6 8. Bxc6 dxc6 9. Qxd4 Nf6 10. Nc3 0-0 11. e5 Nh5 12. Ne4 f6 13. exf6 Nxf6 14. Rfe1 Nxe4 15. Rxe4 Qd6 16. Qc4+ Qd5 1/2-1/2

[Event "Sant Adria de Besos op-A 5th"]
[Site "Sant Adria de Besos"]
[Date "2023.08.16"]
[Round "7"]
[White "Barcelo Sola, David"]
[Black "Aishwin, Daniel"]
[Result "0-1"]
[WhiteElo "1979"]
[BlackElo "2100"]
[PlyCount "63"]
[EventDate "2023.08.11"]
[EventType "swiss"]
[EventRounds "9"]
[EventCountry "ESP"]
[SourceTitle "EXT 2024"]
[Source "ChessBase"]
[SourceDate "2023.10.10"]
[SourceVersion "1"]
[SourceVersionDate "2023.10.10"]
[SourceQuality "1"]

1. e4 e6 2. d4 d5 3. Nc3 Bb4 4. Nge2 Nf6 5. e5 Ne4 6. a3 Nxc3 7. Nxc3 Bxc3+ 8. bxc3 0-0 9. Bd3 f5 10. exf6 Qxf6 11. 0-0 Nc6 12. f4 Bd7 13. Rb1 b6 14. Qf3 Ne7 15. Be3 Be8 16. Qh3 Bg6 17. Rbe1 Rae8 18. Bf2 Bf5 19. Bxf5 Nxf5 20. Re5 Nd6 21. Rfe1 Ne4 22. g3 Qg6 23. Re3 Rxf4 24. Be1 Rf6 25. c4 Nd6 26. Re2 Nxc4 27. Rh5 Ref8 28. g4 Rf1+ 29. Kg2 R1f4 30. Rh4 Rxd4 31. Bg3 Rd2 32. Rxd2 0-1

[Event "Sant Adria de Besos op-A 5th"]
[Site "Sant Adria de Besos"]
[Date "2023.08.13"]
[Round "4"]
[White "Tessiore, Luca G"]
[Black "Barcelo Sola, David"]
[Result "1-0"]
[WhiteElo "1874"]
[BlackElo "1979"]
[PlyCount "77"]
[EventDate "2023.08.11"]
[EventType "swiss"]
[EventRounds "9"]
[EventCountry "ESP"]
[SourceTitle "EXT 2024"]
[Source "ChessBase"]
[SourceDate "2023.10.10"]
[SourceVersion "1"]
[SourceVersionDate "2023.10.10"]
[SourceQuality "1"]

1. d4 d5 2. c4 c5 3. cxd5 Nf6 4. e4 Nxe4 5. dxc5 Nxc5 6. Nc3 e5 7. b4 Nca6 8. a3 Bd6 9. Bd3 f5 10. Nge2 0-0 11. 0-0 e4 12. Bc2 Nd7 13. Nd4 Nf6 14. f4 Kh8 15. h3 Bc7 16. Bb3 Bb6 17. Be3 Bd7 18. Qe2 Nc7 19. Rfd1 Qe8 20. d6 Ne6 21. Nxe6 Bxe6 22. Bxe6 Qxe6 23. Bxb6 axb6 24. Nb5 Rad8 25. Rac1 Ne8 26. Qe3 g5 27. fxg5 f4 28. Qd4+ Ng7 29. Rc7 Rd7 30. Qd5 Qe8 31. Qxb7 Qh5 32. Rf1 Qe2 33. Rc8 Rdd8 34. Rxd8 Rxd8 35. Qxb6 Rf8 36. Rxf4 Rxf4 37. Qd8+ Ne8 38. Qxe8+ Kg7 39. Qe5+ 1-0

[Event "Catalunya-chT Gp1"]
[Site "Barcelona"]
[Date "2023.02.04"]
[Round "3.7"]
[White "Barcelo Sola, David"]
[Black "Saumoy Poch, Salvador"]
[Result "1-0"]
[WhiteElo "1985"]
[BlackElo "2008"]
[PlyCount "129"]
[EventDate "2023.01.21"]
[EventType "team-tourn"]
[EventRounds "7"]
[EventCountry "ESP"]
[SourceTitle "CBM 213 Extra"]
[Source "ChessBase"]
[SourceDate "2023.05.31"]
[SourceVersion "1"]
[SourceVersionDate "2023.05.31"]
[SourceQuality "1"]
[WhiteTeam "Badalona Cor de Marina"]
[BlackTeam "Lira Vendrellenca"]
[WhiteTeamCountry "ESP"]
[BlackTeamCountry "ESP"]

1. e4 e6 2. d4 d5 3. Nc3 Nf6 4. Bg5 Be7 5. e5 Nfd7 6. h4 a6 7. Qg4 Kf8 8. f4 c5 9. dxc5 Nxc5 10. Bxe7+ Qxe7 11. Nxd5 Qd8 12. Nc3 Nc6 13. Qd1 Ke7 14. Qxd8+ Rxd8 15. Nf3 b5 16. Rd1 Bb7 17. Bd3 Nd4 18. Nxd4 Rxd4 19. 0-0 Rad8 20. Be2 b4 21. Nb1 Be4 22. Rxd4 Rxd4 23. c3 bxc3 24. Nxc3 Bb7 25. a3 Nb3 26. Bf3 Bxf3 27. Rxf3 Nd2 28. Rf2 f6 29. exf6+ gxf6 30. Re2 f5 31. g3 Rd3 32. Na4 Kd6 33. Rxe6+ Kxe6 34. Nc5+ Kd5 35. Nxd3 Kd4 36. Nb4 Nc4 37. Nxa6 Nxb2 38. Kg2 Nc4 39. a4 Nb6 40. a5 Nc4 41. h5 Nxa5 42. Nc7 Nc4 43. Ne6+ Kd5 44. Ng5 h6 45. Nf7 Ne3+ 46. Kh3 Ng4 47. Kg2 Nf6 48. Nxh6 Nxh5 49. Kf3 Ng7 50. Ng8 Ne6 51. Nf6+ Kd6 52. Kg2 Nf8 53. Nh5 Kd5 54. Ng7 Ke4 55. Ne8 Ne6 56. Nd6+ Kd5 57. Nb5 Ng7 58. Nc3+ Kd4 59. Nd1 Kd5 60. Kf3 Ne6 61. Kg2 Nd4 62. Kh3 Nf3 63. Kg2 Ke4 64. Kf2 Nh2 65. Ne3 1-0

[Event "Catalunya-chT Gp1"]
[Site "Barcelona"]
[Date "2023.01.28"]
[Round "2.9"]
[White "Ano Pla, Gerard"]
[Black "Barcelo Sola, David"]
[Result "1-0"]
[WhiteElo "2143"]
[BlackElo "1985"]
[PlyCount "31"]
[EventDate "2023.01.21"]
[EventType "team-tourn"]
[EventRounds "7"]
[EventCountry "ESP"]
[SourceTitle "CBM 213 Extra"]
[Source "ChessBase"]
[SourceDate "2023.05.31"]
[SourceVersion "1"]
[SourceVersionDate "2023.05.31"]
[SourceQuality "1"]
[WhiteTeam "Valls"]
[BlackTeam "Badalona Cor de Marina"]
[WhiteTeamCountry "ESP"]
[BlackTeamCountry "ESP"]

1. d4 d5 2. c4 c5 3. e3 Nf6 4. Nc3 Nc6 5. Nf3 e6 6. a3 cxd4 7. exd4 dxc4 8. Bxc4 Be7 9. 0-0 0-0 10. Re1 a6 11. Bd3 b5 12. Bc2 Bb7 13. Qd3 Qd7 14. d5 Nd8 15. Bg5 g6 16. d6 1-0

[Event "Catalunya-chT Gp1"]
[Site "Barcelona"]
[Date "2022.01.29"]
[Round "2.7"]
[White "Barcelo Tizon, Cristian"]
[Black "Barcelo Sola, David"]
[Result "1/2-1/2"]
[WhiteElo "2071"]
[BlackElo "1994"]
[PlyCount "36"]
[EventDate "2022.01.22"]
[EventType "team-tourn"]
[EventRounds "9"]
[EventCountry "ESP"]
[SourceTitle "CBM 206 Extra"]
[Source "ChessBase"]
[SourceDate "2022.03.31"]
[SourceVersion "1"]
[SourceVersionDate "2022.03.31"]
[SourceQuality "1"]
[WhiteTeam "Sant Cugat"]
[BlackTeam "Badalona Cor de Marina"]
[WhiteTeamCountry "ESP"]
[BlackTeamCountry "ESP"]

1. e4 c5 2. Nf3 d6 3. d4 cxd4 4. Nxd4 Nf6 5. Nc3 g6 6. Be2 Bg7 7. Be3 Nc6 8. 0-0 0-0 9. Nb3 Be6 10. f4 Na5 11. f5 Bd7 12. Kh1 Qc7 13. Bd4 Bc6 14. Bd3 Nxb3 15. axb3 Nd7 16. Bxg7 Kxg7 17. Rf3 Ne5 18. Rh3 f6 1/2-1/2

[Event "Prague Summer op 7th"]
[Site "Prague"]
[Date "2020.08.08"]
[Round "1"]
[White "Barcelo Sola, David"]
[Black "Roseneck, Jonas"]
[Result "0-1"]
[WhiteElo "2022"]
[BlackElo "2416"]
[PlyCount "72"]
[EventDate "2020.08.08"]
[EventType "swiss"]
[EventRounds "9"]
[EventCountry "CZE"]
[SourceTitle "CBM 197 Extra"]
[Source "ChessBase"]
[SourceDate "2020.09.30"]
[SourceVersion "1"]
[SourceVersionDate "2020.09.30"]
[SourceQuality "1"]

1. e4 c5 2. Nf3 d6 3. d4 cxd4 4. Nxd4 Nf6 5. Nc3 a6 6. Be2 e5 7. Nf3 Be7 8. 0-0 0-0 9. Bg5 Nbd7 10. b4 b5 11. Qd3 Bb7 12. Rad1 Rc8 13. Rd2 Qc7 14. Nd1 Bxe4 15. Qa3 d5 16. Ne1 d4 17. f4 Bd6 18. fxe5 Bxe5 19. Qxa6 Bb7 20. Qxb5 Ne4 21. Nf3 Nxd2 22. Nxd2 Bxh2+ 23. Kh1 Bd6 24. Bd3 Ne5 25. Be4 Rb8 26. Qe2 Bxe4 27. Nxe4 Rfe8 28. Rf6 Ng6 29. Ndf2 Rxb4 30. g3 Rbb8 31. Ng4 Qc6 32. Ngf2 gxf6 33. Qf3 Ne5 34. Qxf6 Bf8 35. Qf5 Bg7 36. Kh2 Rb6 0-1

[Event "Catalunya-chT Gp1"]
[Site "Barcelona"]
[Date "2020.01.18"]
[Round "1.10"]
[White "Dickl, Errol"]
[Black "Barcelo Sola, David"]
[Result "1-0"]
[WhiteElo "2159"]
[BlackElo "2004"]
[PlyCount "71"]
[EventDate "2020.01.18"]
[EventType "team-tourn"]
[EventRounds "7"]
[EventCountry "ESP"]
[SourceTitle "CBM 194 Extra"]
[Source "ChessBase"]
[SourceDate "2020.03.31"]
[SourceVersion "1"]
[SourceVersionDate "2020.03.31"]
[SourceQuality "1"]
[WhiteTeam "Tres Peons"]
[BlackTeam "Badalona Cor de Marina"]
[WhiteTeamCountry "ESP"]
[BlackTeamCountry "ESP"]

1. e4 c5 2. Nf3 Nc6 3. Bb5 g6 4. 0-0 Bg7 5. c3 Nf6 6. Qa4 0-0 7. d4 cxd4 8. cxd4 d6 9. Bxc6 bxc6 10. Qxc6 Bd7 11. Qc2 Rc8 12. Nc3 Bg4 13. Ne1 Qb6 14. Be3 d5 15. f3 Be6 16. e5 Nd7 17. Qd2 f6 18. f4 Nb8 19. Nd3 fxe5 20. fxe5 Rfd8 21. Na4 Qb5 22. Nac5 Bf5 23. a4 Qe8 24. b4 e6 25. Bg5 Nc6 26. Qf4 Ne7 27. Nf2 h5 28. Rfc1 Rc7 29. h3 Rb8 30. b5 Nc8 31. g4 hxg4 32. hxg4 Rf7 33. gxf5 Rxf5 34. Qh4 Nb6 35. Rf1 Qc8 36. Ng4 1-0

[Event "La Pobla de Lillet op-A 29th"]
[Site "La Pobla de Lillet"]
[Date "2019.08.08"]
[Round "7"]
[White "Touzane, Olivier"]
[Black "Barcelo Sola, David"]
[Result "1-0"]
[WhiteElo "2268"]
[BlackElo "2029"]
[PlyCount "71"]
[EventDate "2019.08.02"]
[EventType "swiss"]
[EventRounds "9"]
[EventCountry "ESP"]
[SourceTitle "EXT 2020"]
[Source "ChessBase"]
[SourceDate "2019.10.17"]
[SourceVersion "1"]
[SourceVersionDate "2019.10.17"]
[SourceQuality "1"]

1. d4 d5 2. Bf4 Nf6 3. e3 e6 4. Nd2 c5 5. c3 Qb6 6. Qc2 Nc6 7. Ngf3 Bd7 8. Bd3 Rc8 9. Qb1 Nh5 10. Bg3 f5 11. a4 Be7 12. Be5 Nf6 13. h3 Nxe5 14. Nxe5 g6 15. g4 cxd4 16. exd4 Ne4 17. Ndf3 a6 18. gxf5 exf5 19. h4 Be6 20. Qa2 0-0 21. Rg1 Rf6 22. h5 Kg7 23. a5 Qc7 24. hxg6 hxg6 25. Nh4 Nxc3 26. bxc3 Qxc3+ 27. Ke2 Bf7 28. Rac1 Qxd4 29. Nhf3 Qf4 30. Rxc8 Re6 31. Kf1 Bf6 32. Qd2 Bxe5 33. Qxf4 Bxf4 34. Rb8 Rf6 35. Rxb7 g5 36. Nd4 1-0

[Event "La Pobla de Lillet op-A 29th"]
[Site "La Pobla de Lillet"]
[Date "2019.08.03"]
[Round "2"]
[White "Barcelo Sola, David"]
[Black "Bravo Barranco, Narciso"]
[Result "1/2-1/2"]
[WhiteElo "2029"]
[BlackElo "2246"]
[PlyCount "36"]
[EventDate "2019.08.02"]
[EventType "swiss"]
[EventRounds "9"]
[EventCountry "ESP"]
[SourceTitle "EXT 2020"]
[Source "ChessBase"]
[SourceDate "2019.10.17"]
[SourceVersion "1"]
[SourceVersionDate "2019.10.17"]
[SourceQuality "1"]

1. e4 d5 2. exd5 Qxd5 3. Nf3 Nf6 4. d4 Bg4 5. Be2 c6 6. 0-0 e6 7. c4 Qd6 8. c5 Qc7 9. Nc3 Nbd7 10. b4 Be7 11. Bg5 0-0 12. Bh4 Rad8 13. Bg3 Qc8 14. Qb3 Nh5 15. Rad1 Nxg3 16. hxg3 Nf6 17. Ne5 Bxe2 18. Nxe2 Nd5 1/2-1/2

[Event "Catalunya-chT Gp2"]
[Site "Barcelona"]
[Date "2019.02.23"]
[Round "6.7"]
[White "Perez Manas, Benjamin"]
[Black "Barcelo Sola, David"]
[Result "0-1"]
[WhiteElo "2303"]
[BlackElo "1991"]
[PlyCount "50"]
[EventDate "2019.01.19"]
[EventType "team-tourn"]
[EventRounds "7"]
[EventCountry "ESP"]
[SourceTitle "CBM 189 Extra"]
[Source "ChessBase"]
[SourceDate "2019.05.31"]
[SourceVersion "1"]
[SourceVersionDate "2019.05.31"]
[SourceQuality "1"]
[WhiteTeam "Barbera"]
[BlackTeam "Sant Josep de Badalona"]
[WhiteTeamCountry "ESP"]
[BlackTeamCountry "ESP"]

1. e4 c5 2. Nf3 Nc6 3. Bb5 g6 4. 0-0 Bg7 5. Bxc6 bxc6 6. Re1 e5 7. d3 Ne7 8. c3 0-0 9. h3 Rb8 10. Qc2 d6 11. Nbd2 f5 12. b3 h6 13. Bb2 fxe4 14. dxe4 g5 15. h4 g4 16. Nh2 Ng6 17. g3 h5 18. Nc4 d5 19. Rad1 Qf6 20. exd5 cxd5 21. Rxd5 Nxh4 22. gxh4 Bb7 23. Rd6 Qxh4 24. Rg6 Rf3 25. Nxe5 Qxh2+ 0-1

[Event "Catalunya-chT GpA final"]
[Site "Barcelona"]
[Date "2018.04.14"]
[Round "4.7"]
[White "Barcelo Sola, David"]
[Black "Feher, Adam"]
[Result "0-1"]
[WhiteElo "2048"]
[BlackElo "2387"]
[PlyCount "76"]
[EventDate "2018.03.10"]
[EventType "team-tourn"]
[EventRounds "4"]
[EventCountry "ESP"]
[SourceTitle "EXT 2019"]
[Source "ChessBase"]
[SourceDate "2018.10.10"]
[SourceVersion "1"]
[SourceVersionDate "2018.10.10"]
[SourceQuality "1"]
[WhiteTeam "Sant Josep de Badalona"]
[BlackTeam "Barcelona Escola Escacs"]
[WhiteTeamCountry "ESP"]
[BlackTeamCountry "ESP"]

1. e4 c6 2. d4 d5 3. f3 dxe4 4. fxe4 e5 5. Nf3 Bg4 6. Bc4 Nd7 7. 0-0 Ngf6 8. Kh1 Bd6 9. c3 0-0 10. Bg5 Qc7 11. h3 Bh5 12. Nbd2 Rfe8 13. Qe1 Bg6 14. Bd3 exd4 15. cxd4 Nh5 16. Kg1 h6 17. Bh4 Nf4 18. Bb1 Qa5 19. Nc4 Qxe1 20. Nxe1 Bc7 21. d5 Bxe4 22. d6 Ne2+ 23. Kh2 Bb8 24. Nf3 b5 25. Bxe4 Rxe4 26. Na5 Bxd6+ 27. Kh1 Rxh4 28. Nxh4 Ng3+ 29. Kg1 Bc5+ 30. Kh2 Nxf1+ 31. Rxf1 Ne5 32. Rf5 g6 33. Rf1 Bb6 34. Nb3 Nc4 35. Rc1 Re8 36. Rc2 Re1 37. Nf3 Rb1 38. Nbd4 Ne3 0-1

[Event "Catalunya-chT GpA final"]
[Site "Barcelona"]
[Date "2018.04.07"]
[Round "3.7"]
[White "Marques Taltavull, Antonio"]
[Black "Barcelo Sola, David"]
[Result "1/2-1/2"]
[WhiteElo "2140"]
[BlackElo "2048"]
[PlyCount "67"]
[EventDate "2018.03.10"]
[EventType "team-tourn"]
[EventRounds "4"]
[EventCountry "ESP"]
[SourceTitle "CBM 183 Extra"]
[Source "ChessBase"]
[SourceDate "2018.04.19"]
[SourceVersion "1"]
[SourceVersionDate "2018.04.19"]
[SourceQuality "1"]
[WhiteTeam "Tres Peons"]
[BlackTeam "Sant Josep de Badalona"]
[WhiteTeamCountry "ESP"]
[BlackTeamCountry "ESP"]

1. Nf3 Nc6 2. d4 d5 3. Bf4 Bg4 4. e3 e6 5. c3 Bd6 6. Bg3 Nge7 7. Bd3 e5 8. dxe5 Nxe5 9. Be2 Nxf3+ 10. gxf3 Bh5 11. Nd2 0-0 12. e4 dxe4 13. fxe4 Bxe2 14. Qxe2 Qd7 15. 0-0-0 Qa4 16. e5 Bc5 17. Kb1 b5 18. Ne4 Bb6 19. Rd7 Ng6 20. Rhd1 Rae8 21. f4 f5 22. Ng5 h6 23. Qh5 hxg5 24. Qxg6 Re7 25. b4 Bc5 26. Qxg5 Bd6 27. R1xd6 cxd6 28. Rxd6 Rc7 29. Be1 a5 30. Rd8 Rc8 31. Rd7 Rf7 32. Rd8+ Rf8 33. Rd7 Rf7 34. Rd8+ 1/2-1/2

[Event "Catalunya-chT GpA final"]
[Site "Barcelona"]
[Date "2018.03.17"]
[Round "2.7"]
[White "Barcelo Sola, David"]
[Black "Negre Moret, Albert"]
[Result "1-0"]
[WhiteElo "2048"]
[BlackElo "2088"]
[PlyCount "87"]
[EventDate "2018.03.10"]
[EventType "team-tourn"]
[EventRounds "4"]
[EventCountry "ESP"]
[SourceTitle "CBM 183 Extra"]
[Source "ChessBase"]
[SourceDate "2018.04.19"]
[SourceVersion "1"]
[SourceVersionDate "2018.04.19"]
[SourceQuality "1"]
[WhiteTeam "Sant Josep de Badalona"]
[BlackTeam "Figueres"]
[WhiteTeamCountry "ESP"]
[BlackTeamCountry "ESP"]

1. e4 e5 2. f4 exf4 3. Nf3 g5 4. Bc4 Bg7 5. d4 d6 6. 0-0 h6 7. g3 Bh3 8. Rf2 Nf6 9. gxf4 Ng4 10. Re2 gxf4 11. Bxf4 Qf6 12. Qd2 Nc6 13. e5 dxe5 14. dxe5 Qg6 15. Nh4 Qh5 16. Nf3 Rd8 17. Qe1 0-0 18. Nc3 Nd4 19. Qg3 Nxe2+ 20. Bxe2 Rfe8 21. Kh1 Kh8 22. Ng1 Rxe5 23. Nxh3 Rxe2 24. Nxe2 Qd5+ 25. Qg2 Qe6 26. Rg1 f5 27. Nc3 Bd4 28. Rd1 Qf6 29. Nd5 Qf7 30. c3 Bf6 31. Ne3 Rxd1+ 32. Nxd1 Qe7 33. Ng1 c6 34. Qe2 Qxe2 35. Nxe2 Kg7 36. Kg2 Be5 37. h3 Bxf4 38. hxg4 Bd2 39. gxf5 Kf6 40. Ng3 Bc1 41. Kf3 Ke5 42. Nf2 Kf6 43. Nd3 Bd2 44. Ne4+ 1-0

[Event "Barcelona La Lira op 35th"]
[Site "Barcelona"]
[Date "2017.01.27"]
[Round "2"]
[White "Barcelo Sola, David"]
[Black "Costa Trave, Jaume"]
[Result "1/2-1/2"]
[WhiteElo "2025"]
[BlackElo "1826"]
[PlyCount "112"]
[EventDate "2017.01.20"]
[EventType "swiss"]
[EventRounds "8"]
[EventCountry "ESP"]
[SourceTitle "EXT 2018"]
[Source "ChessBase"]
[SourceDate "2017.10.13"]
[SourceVersion "1"]
[SourceVersionDate "2017.10.13"]
[SourceQuality "1"]

1. e4 e6 2. d4 d5 3. Nc3 Nf6 4. e5 Nfd7 5. f4 c5 6. Nf3 Nc6 7. Be3 Be7 8. Bd3 0-0 9. dxc5 h6 10. Na4 f6 11. exf6 Bxf6 12. 0-0 e5 13. fxe5 Ndxe5 14. Nxe5 Nxe5 15. Be2 Be6 16. Bd4 Qd7 17. Nc3 a6 18. Kh1 Rad8 19. b3 Bf5 20. Qd2 Kh8 21. Rad1 Be6 22. Bxe5 Bxe5 23. Rxf8+ Rxf8 24. Nxd5 Rd8 25. c4 Qf7 26. Qe3 Bb8 27. Bf3 Re8 28. Re1 Qf5 29. Qe4 Qg5 30. Qe3 Qh4 31. h3 Qg3 32. Qg1 Bd7 33. Rxe8+ Bxe8 34. Ne3 Bc6 35. Bxc6 bxc6 36. Nf1 Qe5 37. Nh2 Qg3 38. Nf3 Qf4 39. Qd1 Kh7 40. Qd2 Qg3 41. Qd3+ Kg8 42. Qe4 Qc7 43. Qe6+ Kh8 44. Qd6 Qc8 45. Qe7 Bg3 46. Ne5 Qf5 47. Nf3 Qb1+ 48. Ng1 Qf1 49. Qe8+ Kh7 50. Qe4+ Kh8 51. Qe2 Qb1 52. Qf3 Qe1 53. Qe2 Qb1 54. Qe3 Qg6 55. Qf3 Bc7 56. Qe3 a5 1/2-1/2

[Event "La Pobla de Lillet op 26th"]
[Site "La Pobla de Lillet"]
[Date "2016.08.05"]
[Round "4.14"]
[White "Garcia Galeote, Lorenzo"]
[Black "Barcelo Sola, David"]
[Result "1/2-1/2"]
[WhiteElo "1962"]
[BlackElo "2022"]
[PlyCount "68"]
[EventDate "2016.08.02"]
[EventType "swiss"]
[EventRounds "9"]
[EventCountry "ESP"]
[SourceTitle "EXT 2024"]
[Source "ChessBase"]
[SourceDate "2023.10.10"]
[SourceVersion "1"]
[SourceVersionDate "2023.10.10"]
[SourceQuality "1"]

1. Nf3 Nc6 2. b3 e5 3. Bb2 e4 4. Nd4 Nxd4 5. Bxd4 c5 6. Bb2 d5 7. d4 e3 8. fxe3 Qh4+ 9. Kd2 Nf6 10. Kc1 Ne4 11. Bc3 Qg5 12. Be1 Qxe3+ 13. Kb2 cxd4 14. Qd3 Nd6 15. Bd2 Qe5 16. c3 dxc3+ 17. Bxc3 Qg5 18. Bd2 Qf5 19. Nc3 Qxd3 20. exd3 Be6 21. Be2 Be7 22. Bf3 Bf6 23. Rae1 0-0 24. Bf4 Bxc3+ 25. Kxc3 Nb5+ 26. Kd2 Nd4 27. Bd1 b5 28. Be5 Nc6 29. Bd6 Rfd8 30. Bc5 a5 31. d4 a4 32. b4 Rd7 33. Be2 Rb7 34. Bd3 Nb8 1/2-1/2

[Event "Catalunya-chT GpA final"]
[Site "Barcelona"]
[Date "2015.04.11"]
[Round "10.2"]
[White "Bosque Ortega, Xavier"]
[Black "Barcelo Sola, David"]
[Result "1-0"]
[WhiteElo "2218"]
[BlackElo "2044"]
[PlyCount "47"]
[EventDate "2015.03.14"]
[EventType "team-tourn"]
[EventRounds "11"]
[EventCountry "ESP"]
[SourceTitle "EXT 2016"]
[Source "ChessBase"]
[SourceDate "2015.10.08"]
[SourceVersion "1"]
[SourceVersionDate "2015.10.08"]
[SourceQuality "1"]
[WhiteTeam "Barbera"]
[BlackTeam "Sant Josep de Badalona"]
[WhiteTeamCountry "ESP"]
[BlackTeamCountry "ESP"]

1. d4 d5 2. Bf4 Nf6 3. e3 c5 4. c3 Nc6 5. Nd2 g6 6. h3 Bg7 7. Ngf3 Nd7 8. Qb3 Qb6 9. Qxb6 axb6 10. Bb5 0-0 11. Bc7 f6 12. 0-0 e5 13. c4 exd4 14. cxd5 Nb4 15. exd4 Kh8 16. Bd6 Rf7 17. a3 Nc2 18. Rac1 Nxd4 19. Nxd4 cxd4 20. Rc7 Kg8 21. Re1 Ne5 22. Rxf7 Kxf7 23. f4 Ra5 24. a4 1-0

[Event "Catalunya-chT Gp1"]
[Site "Barcelona"]
[Date "2015.03.07"]
[Round "7.1"]
[White "Barcelo Sola, David"]
[Black "Subirachs Mancebo, Guillem"]
[Result "1/2-1/2"]
[WhiteElo "2044"]
[BlackElo "2120"]
[PlyCount "104"]
[EventDate "2015.01.24"]
[EventType "team-tourn"]
[EventRounds "7"]
[EventCountry "ESP"]
[SourceTitle "EXT 2016"]
[Source "ChessBase"]
[SourceDate "2015.10.08"]
[SourceVersion "1"]
[SourceVersionDate "2015.10.08"]
[SourceQuality "1"]
[WhiteTeam "Sant Josep de Badalona"]
[BlackTeam "Peona I Peo"]
[WhiteTeamCountry "ESP"]
[BlackTeamCountry "ESP"]

1. e4 c5 2. Nf3 Nc6 3. Bb5 g6 4. 0-0 Bg7 5. Re1 Nf6 6. c3 0-0 7. d4 cxd4 8. e5 Nd5 9. cxd4 d6 10. Nc3 Nc7 11. Bxc6 bxc6 12. Bg5 f6 13. Bh4 Bg4 14. exd6 exd6 15. h3 Be6 16. Qa4 Qd7 17. Rad1 Nd5 18. Bg3 Bh6 19. Ne4 Bf4 20. Bxf4 Nxf4 21. Ng3 Bd5 22. Qa3 Rfe8 23. Rxe8+ Rxe8 24. Re1 Rxe1+ 25. Nxe1 g5 26. Qe3 Kf7 27. a3 h5 28. Ne4 Qe7 29. Nc3 Bc4 30. Qxe7+ Kxe7 31. Kh2 Ne2 32. Nc2 Nxc3 33. bxc3 a5 34. Kg3 Ke6 35. h4 Bd3 36. Ne3 Be2 37. f4 g4 38. f5+ Kd7 39. Kf4 Bd3 40. Nd1 d5 41. Nb2 Bc2 42. c4 Kc7 43. c5 Kd7 44. g3 Kc7 45. Ke3 Bxf5 46. Nd1 Kd7 47. Kf4 Ke6 48. Nc3 Bc2 49. Ne2 Bd3 50. Nc3 Bc2 51. Ne2 Bd1 52. Nc3 Bc2 1/2-1/2

[Event "Barcelona La Lira op 33rd"]
[Site "Barcelona"]
[Date "2015.03.06"]
[Round "8"]
[White "Barcelo Sola, David"]
[Black "Martin Sanchez, Enric"]
[Result "1-0"]
[WhiteElo "2044"]
[BlackElo "2028"]
[PlyCount "79"]
[EventDate "2015.01.16"]
[EventType "swiss"]
[EventRounds "9"]
[EventCountry "ESP"]
[SourceTitle "EXT 2016"]
[Source "ChessBase"]
[SourceDate "2015.10.08"]
[SourceVersion "1"]
[SourceVersionDate "2015.10.08"]
[SourceQuality "1"]

1. e4 c5 2. Nf3 d6 3. d4 cxd4 4. Qxd4 Nc6 5. Bb5 Bd7 6. Bxc6 bxc6 7. 0-0 c5 8. Qd3 g6 9. c4 Bg7 10. Nc3 Nf6 11. Bg5 Rb8 12. b3 h6 13. Bh4 g5 14. Bg3 Nh5 15. Rad1 Nxg3 16. hxg3 Bc6 17. Rfe1 Qa5 18. Nd5 Bxd5 19. Qxd5 0-0 20. Re2 Qb6 21. Red2 Qb7 22. e5 Qxd5 23. Rxd5 g4 24. exd6 gxf3 25. dxe7 Rfe8 26. Rd7 Bf6 27. Re1 a5 28. gxf3 Kg7 29. f4 a4 30. bxa4 Ra8 31. Kg2 Rxa4 32. Re4 Rxa2 33. Kf3 h5 34. Rd5 Bd4 35. Rxh5 Rxf2+ 36. Kg4 f6 37. Kf5 Ra2 38. Re1 Raa8 39. Reh1 Rxe7 40. Rh7+ 1-0

[Event "Barcelona La Lira op 33rd"]
[Site "Barcelona"]
[Date "2015.01.16"]
[Round "1"]
[White "Barcelo Sola, David"]
[Black "Grammatico, Mauro"]
[Result "1-0"]
[WhiteElo "2044"]
[BlackElo "1571"]
[PlyCount "41"]
[EventDate "2015.01.16"]
[EventType "swiss"]
[EventRounds "9"]
[EventCountry "ESP"]
[SourceTitle "EXT 2016"]
[Source "ChessBase"]
[SourceDate "2015.10.08"]
[SourceVersion "1"]
[SourceVersionDate "2015.10.08"]
[SourceQuality "1"]

1. e4 e5 2. f4 exf4 3. Nf3 d6 4. d4 Nf6 5. Nc3 Nc6 6. Bxf4 Bg4 7. Qd2 d5 8. exd5 Nxd5 9. 0-0-0 Bxf3 10. gxf3 Nxf4 11. Qxf4 Qd7 12. d5 Bd6 13. Qe4+ Ne7 14. Bb5 c6 15. dxc6 bxc6 16. Bxc6 Bf4+ 17. Qxf4 Qxc6 18. Rhe1 Kf8 19. Rxe7 Kxe7 20. Nd5+ Kf8 21. Qb4+ 1-0

[Event "Barcelona Sant Marti op-A 15th"]
[Site "Barcelona"]
[Date "2013.07.18"]
[Round "6"]
[White "Barcelo Sola, David"]
[Black "Carlsen, Ellen Oen"]
[Result "1-0"]
[WhiteElo "2075"]
[BlackElo "1947"]
[PlyCount "67"]
[EventDate "2013.07.13"]
[EventType "swiss"]
[EventRounds "9"]
[EventCountry "ESP"]
[SourceTitle "CBM 155 Extra"]
[Source "ChessBase"]
[SourceDate "2013.08.26"]
[SourceVersion "1"]
[SourceVersionDate "2013.08.26"]
[SourceQuality "1"]

1. e4 c5 2. Nf3 Nc6 3. Bb5 g6 4. 0-0 Bg7 5. Re1 d6 6. Bxc6+ bxc6 7. Nc3 e5 8. d3 Ne7 9. Bg5 h6 10. Be3 0-0 11. Nh4 g5 12. Nf3 Rb8 13. b3 Ng6 14. Ne2 f5 15. exf5 Bxf5 16. Nd2 Nf4 17. Ng3 Bg6 18. Nde4 Rb7 19. Qg4 Rbf7 20. h4 d5 21. h5 Bxe4 22. dxe4 d4 23. Bxf4 exf4 24. Nf5 Qd7 25. Rad1 Kh7 26. Qe2 Re8 27. Qc4 f3 28. gxf3 Be5 29. Qxc5 Rxf5 30. exf5 Qxf5 31. Qxc6 d3 32. Rxd3 Bh2+ 33. Kxh2 Qf4+ 34. Kg2 1-0